000 00657nam a22002297a 4500
003 UA-OsUOA
001 96097
007 ta
008 20130315b un ||||| |||| 00| 0 ukr d
100 _aКорнилова Г.
090 _a821.161.1
_bК67
942 _cBK
040 _aUA-OsUOA
_brus
_cUA-OsUOA
_dUA-OsUOA
245 _aДрузья и подруги детства
_bповести, рассказы
300 _a270 с.
955 _a3
041 _arus
080 _a821.161.1
260 _aМ.
_bСоветский писатель
_c1987
650 7 _a82 Література. Літературознавство
_2UDC
999 _c382343
_d382343